000 00391nam a2200169Ia 4500
999 _c1399
_d1399
003 OSt
005 20191003100438.0
008 190723s9999 xx 000 0 und d
020 _a978-0073376813
040 _cmaju
100 _aJames A Obrien
245 0 _aManagement Information Systems
250 _a10th
260 _aIndia
_bPearson
_c2015
300 _a673.:P
942 _cBK
_2ddc